[Event "RSA-chT Regions"]
[Site "Cape Town"]
[Date "2016.01.08"]
[Round "1.4"]
[White "Brown, Floris"]
[Black "Van Wyk, Anton"]
[Result "0-1"]
[WhiteElo "1442"]
[BlackElo "1554"]
[PlyCount "42"]
[EventDate "2016.01.08"]
[EventType "team-swiss"]
[EventRounds "7"]
[EventCountry "RSA"]
[SourceTitle "CBM 170 Extra"]
[Source "ChessBase"]
[SourceDate "2016.02.25"]
[SourceVersion "1"]
[SourceVersionDate "2016.02.25"]
[SourceQuality "1"]
[WhiteTeam "Boland"]
[BlackTeam "Tshwane Youth"]
[WhiteTeamCountry "RSA"]
[BlackTeamCountry "RSA"]

1. Nf3 d5 2. d4 Nf6 3. g3 g6 4. Bg2 Bg7 5. 0-0 0-0 6. a4 c5 7. dxc5 Qa5 8. c3 Qxc5 9. b4 Qc7 10. Bf4 Qd8 11. Bxb8 Rxb8 12. e3 Ne4 13. Qb3 Bd7 14. Nbd2 Nxc3 15. Ra3 a6 16. Nd4 Rc8 17. N2f3 e5 18. Nc2 Be6 19. Qb2 Qc7 20. Kh1 Nxa4 21. Rc1 Nxb2 0-1

[Event "RSA-chT U16"]
[Site "Cape Town"]
[Date "2016.01.07"]
[Round "7.5"]
[White "Van Wyk, Anton"]
[Black "Dinham, Megan"]
[Result "1-0"]
[WhiteElo "1554"]
[BlackElo "1098"]
[PlyCount "116"]
[EventDate "2016.01.04"]
[EventType "team-tourn"]
[EventRounds "7"]
[EventCountry "RSA"]
[SourceTitle "CBM 170 Extra"]
[Source "ChessBase"]
[SourceDate "2016.02.25"]
[SourceVersion "1"]
[SourceVersionDate "2016.02.25"]
[SourceQuality "1"]
[WhiteTeam "Tshwane"]
[BlackTeam "Ekurhuleni"]
[WhiteTeamCountry "RSA"]
[BlackTeamCountry "RSA"]

1. e4 e5 2. Nf3 Nc6 3. d4 exd4 4. Bc4 Be7 5. c3 dxc3 6. Qd5 Nh6 7. Bxh6 0-0 8. Nxc3 gxh6 9. h4 Kg7 10. 0-0-0 d6 11. Qh5 Rg8 12. Qxf7+ Kh8 13. Qxg8+ Qxg8 14. Bxg8 Kxg8 15. Nd5 Bd8 16. Nd4 Nxd4 17. Rxd4 Be6 18. b3 Kf7 19. Nf4 Bf6 20. Nxe6 Kxe6 21. Rd3 Ke5 22. f3 Kf4 23. Rh3 Rg8 24. g4 Rg7 25. Kd2 Re7 26. Rd5 Be5 27. Ke2 Rg7 28. Kf2 Rf7 29. Rg3 Rg7 30. g5 h5 31. b4 a6 32. Rg2 c6 33. Rd3 Rg6 34. Rg1 Rg7 35. Rgd1 Rd7 36. a4 b6 37. Rc1 c5 38. bxc5 bxc5 39. Rxc5 Rf7 40. Ra5 Ra7 41. Rxd6 Rf7 42. Raxa6 Bxd6 43. Rxd6 Ke5 44. Rd5+ Ke6 45. Ke3 Ra7 46. a5 Ra6 47. f4 Ra7 48. f5+ Ke7 49. Kf4 Rb7 50. Ke5 Kf7 51. f6 Ra7 52. Kf5 Rc7 53. a6 Ra7 54. Ra5 Ke8 55. g6 hxg6+ 56. Kxg6 Kf8 57. Kxh5 Kf7 58. Kg5 Kf8 1-0

[Event "Commonwealth & South African-ch"]
[Site "Johannesburg"]
[Date "2011.06.26"]
[Round "2.15"]
[White "Van Wyk, Anton"]
[Black "Leak, Tivan"]
[Result "0-1"]
[WhiteElo "1264"]
[BlackElo "1498"]
[PlyCount "162"]
[EventDate "2011.06.25"]
[EventType "swiss"]
[EventRounds "11"]
[EventCountry "RSA"]
[SourceTitle "EXT 2024"]
[Source "ChessBase"]
[SourceDate "2023.10.10"]
[SourceVersion "1"]
[SourceVersionDate "2023.10.10"]
[SourceQuality "1"]

1. e4 e5 2. Nf3 Nc6 3. Bc4 Nf6 4. Nc3 Nxe4 5. Nxe4 d5 6. Bd3 f5 7. Nc3 e4 8. Bb5 exf3 9. Qxf3 Qe7+ 10. Ne2 Qc5 11. Bxc6+ Qxc6 12. Qe3+ Qe6 13. d4 Bd6 14. 0-0 0-0 15. Nf4 Qxe3 16. fxe3 c6 17. Bd2 Re8 18. b3 b6 19. c4 Bb7 20. cxd5 cxd5 21. Nd3 Re7 22. Rxf5 Rd8 23. Nf4 a6 24. g3 Ba3 25. Re5 Rc7 26. Ne6 Bd6 27. Nxd8 Bxe5 28. dxe5 Rc2 29. Nxb7 Rxd2 30. a4 Re2 31. a5 b5 32. b4 Rxe3 33. Nd6 Rxe5 34. Nxb5 axb5 35. a6 Re8 36. a7 Ra8 37. Kf2 Kf7 38. Ra6 Ke7 39. Ke3 Kd7 40. Kd4 Kc7 41. Kc5 Kb7 42. Kxb5 d4 43. Rb6+ Kc7 44. Rc6+ Kb7 45. Rb6+ Kc7 46. Rc6+ Kb7 47. Rd6 Rxa7 48. Rd7+ Kb8 49. Rxa7 Kxa7 50. Kc4 Kb6 51. Kxd4 Kb5 52. Ke5 Kxb4 53. Kf5 Kc5 54. h4 Kd6 55. g4 Ke7 56. g5 Kf7 57. h5 g6+ 58. hxg6+ hxg6+ 59. Kg4 Ke6 60. Kf4 Kd5 61. Kg4 Ke4 62. Kh3 Kf5 63. Kh4 Kf4 64. Kh3 Kxg5 65. Kg3 Kf5 66. Kh3 Kf4 67. Kg2 Kg4 68. Kf2 Kh3 69. Kf3 g5 70. Ke4 g4 71. Ke3 g3 72. Kd2 g2 73. Kd3 g1Q 74. Kc4 Qb6 75. Kd3 Qb4 76. Ke2 Qc3 77. Kd1 Qb2 78. Ke1 Qc2 79. Kf1 Kg3 80. Ke1 Kf3 81. Kf1 Qc1# 0-1